000 00542nam a22001817a 4500
003 OSt
005 20251104090839.0
008 251104b |||||||| |||| 00| 0 eng d
020 _a0-02-655609-X.
040 _aDWCL-Main lib
_cOC
082 _aCirc. 782.5 C551 1999
100 _aTower, Mollie G.
245 _aChoral connections :
_btreble voices
_cTower, Mollie G.
260 _aN. Y. :
_bGlencoe/McGraw-Hill,
_cc1999.
300 _axiii, 252 pages :
_billustration ;
_c27 cm
650 _21. Choral music.
942 _2ddc
_cBK-CIRC
_kCirc.
_n0
999 _c5437
_d5437